Polyfunkčný bytový dom v Bratislave - Cvernovke
Salvato in:
| Autore principale: | |
|---|---|
| Altri autori: | |
| Natura: | Manoscritto Libro |
| Lingua: | slovacco |
| Pubblicazione: |
Bratislava
2017
|
| Soggetti: | |
| Accesso online: | http://is.stuba.sk/zp/portal_zp.pl?podrobnosti=129846 |
| Tags: |
Nessun Tag, puoi essere il primo ad aggiungerne!!
|
MARC
| LEADER | 00000ntm a22000003a 4500 | ||
|---|---|---|---|
| 001 | stuzp63657 | ||
| 003 | SK-STU | ||
| 005 | 20210209091850.5 | ||
| 007 | ta | ||
| 008 | 150427s2015----xo-----f-mn---000-0-slo-d | ||
| 040 | |a STU |b slo | ||
| 041 | 0 | |a slo | |
| 100 | 1 | |a Schredlová, Petronela |u 051110 |4 aut |U FAD Fakulta architektúry |T FA Ústav architektúry obytných budov |X 43947 |U A1110 |Y 392 |7 43947 | |
| 242 | 0 | 1 | |a Multi-functional residential housing in Bratislava - Cvernovka |y eng |
| 245 | 1 | 0 | |a Polyfunkčný bytový dom v Bratislave - Cvernovke |
| 260 | |c 2017 |a Bratislava | ||
| 650 | 4 | |a labyrint |2 slo | |
| 650 | 4 | |a Cvernovka |2 slo | |
| 650 | 4 | |a fraktal |2 slo | |
| 650 | 4 | |a Cvernovka |2 eng | |
| 650 | 4 | |a labyrinth |2 eng | |
| 650 | 4 | |a fractal geometry |2 eng | |
| 700 | 1 | |a Puškár, Branislav |u 051110 |k Z1 |4 ths |U FAD Fakulta architektúry |T FA Ústav architektúry obytných budov |X 5199 |U A1110 |Y 392 |7 A000005199 | |
| 856 | 4 | |u http://is.stuba.sk/zp/portal_zp.pl?podrobnosti=129846 |u https://opac.crzp.sk/?fn=detailBiblioForm&sid=E7FF18FD4FFD5019D8FDEB3CC38C | |